Manual bs̀ico do novo Cd̤igo de Processo Civil Lei No 13.105, DE 16 DE MARßO DE 2015, com alteraė̳s da Lei no 13.256/2016 /

Bibliographic Details
Main Author: Bandeira, Paulo
Format: eBook
Language:Portuguese
Published: San Pablo: Pillares, 2016
Subjects:
Online Access:Acceso restringido

MARC

LEADER 00000nam a22000007a 4500
005 20161215230527.0
007 cr|||| ||||
008 161215s2016 br |||||s|||| 00||0 por d
020 |a 978-85-8183-061-2 
035 |a 14713 
040 |a vLex 
090 |c 6505  |d 6505 
100 1 |a Bandeira, Paulo 
245 1 0 |a Manual bs̀ico do novo Cd̤igo de Processo Civil  |h [Recurso electrn̤ico] :  |b Lei No 13.105, DE 16 DE MARßO DE 2015, com alteraė̳s da Lei no 13.256/2016 /  |c Paulo Bandeira 
256 |a Servicio en ln̕ea 
260 |a San Pablo:  |b Pillares,  |c 2016 
300 |a 1 recurso electrn̤ico 
506 1 |a Disponible solo en los productos indicados  |d vLex Global  |d vLex Global (Academic Edition, excluding Law Schools)  |d vLex Global (U.S. Academic Edition, Law Schools)  |d vLex Global (U.S. Academic Edition, excluding Law Schools)  |d vLex Global (Academic Edition, Law Schools) 
650 0 4 |a Procedimiento Civil  |z Brasil 
740 0 |a vLex Libros (Servicio en ln̕ea) 
856 4 0 |u http://vlex.com/source/manual-basico-novo-codigo-processo-civil-14713  |z Acceso restringido 
942 |c BOOK 
999 0 |a Civil Procedure